000 00780nam a22002055i 4500
001 159762
003 ES-MaACL
005 20250629063134.0
008 991118s1867 fr c |||| |bfre d
100 1 _aMirecourt, Eugène de,
_d1812-1880
_9129980
245 1 0 _aAuber /
_cpar Eugène de Mirecourt.
260 _aParis :
_bchez Achille Faure,
_c1867 (
_eMirecourt :
_fTyp. L.-Ph. Costet)
300 _a47 p., [1] h. de retr. ;
_c14 cm.
490 1 _aHistoire contemporaine: portraits et silhouettes au XIX siécle
599 _aRetr. de Auber.
600 1 4 _aAuber, Daniel-François-Esprit.
_923789
830 1 _aHistoire contemporaine: portraits et silhouettes au XIX siécle
_9221973
852 4 _aES-MaACL
_jG-14942(5)
_z- Enc. hol.
999 _c159762
_d159762